000 00505nam a2200169Ia 4500
999 _c728
_d728
003 OSt
005 20200915122323.0
008 190216s9999||||xx |||||||||||||| ||und||
040 _coclc
082 _a892.7
_bSHA/H
100 _aShanavas, C M
_94594
245 0 _aHistory of Arabic Literature = Al-Adabul Arabi Khilala Alfiyyathaini /
_cC M Shanavas
260 _bAl Huda Book Stall,
_aCalicut:
300 _a163p
650 _aArabic
942 _cBK
_2ddc
_h892.7
_iSHA/H
_k892.7
_mSHA/H